Länder mit den niedrigsten Tiefsttemperaturen - Statistiken

Allgemein
  • Dieses Quiz wurde 26.164 mal gespielt
  • Das Durchschnittsergebnis liegt bei 16 aus 23
Antwortstatistiken
°C °F Land % Korrekt
-67.7 -89.9 Russland
99%
-62.8 -81.0 Kanada
97%
-51.4 -60.5 Norwegen
97%
-52.6 -62.7 Schweden
97%
-51.5 -60.7 Finnland
96%
-62.1 -79.8 Vereinigte Staaten
95%
-69.6 -93.3 Dänemark (Grönland)
94%
-52.3 -62.1 China
87%
-43.5 -46.3 Estland
81%
-56.0 -68.8 Mongolei
81%
-43.2 -45.8 Lettland
80%
-42.9 -45.2 Litauen
79%
-51.6 -60.9 Kasachstan
78%
-42.2 -44.0 Belarus
71%
-53.6 -64.5 Kirgisistan
53%
-45.1 -49.2 Nordkorea
53%
-42.5 -44.5 Schweiz
49%
-51.6 -60.9 Tadschikistan
49%
-52.2 -62.0 Afghanistan
34%
-46.7 -52.0 Armenien
30%
-45.6 -50.1 Türkei
24%
-42.2 -44.0 Tschechien
22%
-43.5 -46.3 Bosnien und Herzegowina
6%
Keine übereinstimmenden Quizze gefunden
Verteilung der Resultate
Anzahl Personen mit jedem Resultat
Perzentil nach korrekt beantworteten Fragen
Ihre Resultats-Entwicklung
Sie haben dieses Quiz noch nicht gespielt